000 00490nam a2200181Ia 4500
005 20250317125157.0
008 008 250317s9999 xx 000 0 eng d
037 _aTextbook
040 _aFMSL
_beng
_cFMSL
041 _aeng
_2eng
084 _qFMSL
100 _aYuill B
_9737441
245 0 _aDeveloping managers in organisations
260 _aNew Delhi
_bNew Delhi, Wiley Eastern
_c1975
300 _a214p
942 _cTB
999 _c1258348
_d1258348